Hamilton Lyrics Sort #4 - The Story of Tonight - Statistics

General Stats
  • This quiz has been taken 13 times
  • The average score is 19 of 31
Answer Stats
Hint Answer % Correct
Line 1 I may not live to see our glory [1]
100%
Line 3 But I will gladly join the fight [1]
88%
Line 5 And when our children tell our story [1]
75%
Line 6 (And when our children tell our story) [2]
75%
Line 4 (But I will gladly join the fight) [2]
75%
Line 2 (I may not live to see our glory) [2]
75%
Line 8 Let's have another round tonight [1]
75%
Line 9 Let's have another round tonight [2]
75%
Line 10 Let's have another round tonight [3]
75%
Line 13 No matter what they tell you [1]
75%
Line 11 Raise a glass to freedom [1]
75%
Line 14 Raise a glass to the four of us [1]
75%
Line 12 Something they can never take away [1]
75%
Line 16 Telling the story of tonight [1]
75%
Line 15 Tomorrow there'll be more of us [1]
75%
Line 20 No matter what they tell you [2]
63%
Line 19 Something they can never take away [2]
63%
Line 24 Telling the story of tonight [2]
63%
Line 7 They'll tell the story of tonight [1]
63%
Line 31 (They'll tell the story of tonight) [6]
63%
Line 23 Tomorrow there'll be more of us [2]
63%
Line 21 (Let's have another round tonight) [4]
50%
Line 18 Raise a glass to freedom [2]
50%
Line 22 Raise a glass to the four of us [2]
50%
Line 17 They'll tell the story of tonight [2]
38%
Line 26 They'll tell the story of tonight [3]
38%
Line 28 (They'll tell the story of tonight) [4]
38%
Line 30 They'll tell the story of tonight [5]
38%
Line 25 (Let's have another round tonight) [5]
25%
Line 27 Raise a glass to freedom [3]
25%
Line 29 Raise a glass to freedom [4]
25%
No matching quizzes found
Score Distribution
Percent of People with Each Score
Percentile by Number Answered
Your Score History
You have not taken this quiz